IFM Opac

International Management: Managing Across Borders and Cultures Text and Cases (Record no. 12025)

MARC details
000 -LEADER
fixed length control field 00618nam a2200205Ia 4500
003 - CONTROL NUMBER IDENTIFIER
control field OSt
005 - DATE AND TIME OF LATEST TRANSACTION
control field 20220815141143.0
008 - FIXED-LENGTH DATA ELEMENTS--GENERAL INFORMATION
fixed length control field 220815b |||||||| |||| 00| 0 eng d
020 ## - INTERNATIONAL STANDARD BOOK NUMBER
International Standard Book Number 9788131759318
040 ## - CATALOGING SOURCE
Transcribing agency IFM Library
082 ## - DEWEY DECIMAL CLASSIFICATION NUMBER
Classification number 658.049
100 ## - MAIN ENTRY--PERSONAL NAME
Personal name Deresky, H
9 (RLIN) 2295
245 ## - TITLE STATEMENT
Title International Management: Managing Across Borders and Cultures Text and Cases
250 ## - EDITION STATEMENT
Edition statement 6th ed.
260 ## - PUBLICATION, DISTRIBUTION, ETC.
Place of publication, distribution, etc. New York:
Name of publisher, distributor, etc. Pearson Education,
Date of publication, distribution, etc. 2008
300 ## - PHYSICAL DESCRIPTION
Extent xv, 492 p.
Other physical details : ill. ; 28 cm
500 ## - GENERAL NOTE
General note Includes Index, Glossary and Endnote
650 ## - SUBJECT ADDED ENTRY--TOPICAL TERM
Topical term or geographic name entry element International business enterprise
9 (RLIN) 2298
942 ## - ADDED ENTRY ELEMENTS (KOHA)
Koha item type Books
Source of classification or shelving scheme Dewey Decimal Classification
Suppress in OPAC No
Holdings
Withdrawn status Lost status Source of classification or shelving scheme Damaged status Not for loan Collection code Home library Current library Shelving location Date acquired Source of acquisition Full call number Barcode Date last seen Price effective from Koha item type Cost, normal purchase price Total Checkouts
    Dewey Decimal Classification     Non-fiction IFM Main Campus Library IFM Main Campus Library General Collection 08/15/2022 Purchased 658.049 DER 0000028919 05/15/2015 02/19/2022 Books    
    Dewey Decimal Classification     Non-fiction IFM Main Campus Library IFM Main Campus Library General Collection 08/15/2022 Purchased 658.049 DER 0000028922 05/15/2015 02/19/2022 Books    
    Dewey Decimal Classification     Non-fiction IFM Main Campus Library IFM Main Campus Library General Collection 08/15/2022 Purchased 658.049 DER 0000028930 05/15/2015 02/19/2022 Books 0.00  
    Dewey Decimal Classification     Non-fiction IFM Main Campus Library IFM Main Campus Library General Collection 09/15/2020 Purchased 658.049 DER 0000003513 10/08/2015 02/19/2022 Books    
    Dewey Decimal Classification     Non-fiction IFM Main Campus Library IFM Main Campus Library General Collection 08/15/2022 Purchased 658.049 DER 0000028928 08/15/2022 02/19/2022 Books 0.00  
    Dewey Decimal Classification     Non-fiction IFM Main Campus Library IFM Main Campus Library General Collection 08/15/2022 Purchased 658.049 DER 0000028920 08/15/2022 02/19/2022 Books 0.00